000 00592nam a22002417a 4500
003 UA-OsUOA
001 32121
007 ta
008 20050124b un ||||| |||| 00| 0 ukr d
100 _aШагинян Мариэтта
090 _a141.82
_bШ15
942 _cBK
040 _aUA-OsUOA
_brus
_cUA-OsUOA
_dUA-OsUOA
245 _aЧетыри урока у Ленина
300 _a256 с.
_bІлюстрації
955 _a0
041 _arus
080 _a141.82
260 _aМосква
_bПолитиздат
_c1980
044 _aRU
650 7 _2UDC
999 _c318559
_d318559